Online
Catalog

Dominicanish : (Record no. 9457)

MARC details
000 -CABECERA
campo de control de longitud fija 00549nam a2200205 a 4500
001 - NÚMERO DE CONTROL
campo de control 000009697
005 - FECHA Y HORA DE LA ÚLTIMA TRANSACCIÓN
campo de control 20200929161656.0
008 - DATOS DE LONGITUD FIJA--INFORMACIÓN GENERAL
campo de control de longitud fija 091001s2000 xxu 001 0 eng d
020 ## - NÚMERO INTERNACIONAL ESTÁNDAR DEL LIBRO
Número Internacional Estándar del Libro 1882161033
040 ## - FUENTE DE LA CATALOGACIÓN
Centro catalogador/agencia de origen DO-SdBNP
041 17 - CÓDIGO DE LENGUA
Código de lengua del texto/banda sonora o título independiente spa
Fuente del código eng
082 ## - NÚMERO DE LA CLASIFICACIÓN DECIMAL DEWEY
Número de clasificación xxxx
Número de documento/Ítem B142d
049 ## - FONDOS LOCALES (OCLC)
Fondos de biblioteca BNPD
100 1# - ENTRADA PRINCIPAL--NOMBRE DE PERSONA
Nombre de persona Báez, Josefina.
9 (RLIN) 24593
245 10 - MENCIÓN DE TÍTULO
Título Dominicanish :
Resto del título performance theatre text /
Mención de responsabilidad, etc. Josefina Báez.
246 14 - FORMA VARIANTE DE TÍTULO
Título propio/Titulo breve Dominicanish
260 ## - PUBLICACIÓN, DISTRIBUCIÓN, ETC.
Lugar de publicación, distribución, etc. New York :
Nombre del editor, distribuidor, etc. Graphic Art.,
Fecha de publicación, distribución, etc. 2000.
300 ## - DESCRIPCIÓN FÍSICA
Extensión 71 p. :
Otras características físicas il. ;
Dimensiones 18 cm.
500 ## - NOTA GENERAL
Nota general Texto en inglés
Holdings
Estado de retiro Estado de pérdida Restricciones de uso No para préstamo Código de colección Localización permanente Ubicación/localización actual Ubicación en estantería Fecha de adquisición Número de inventario Total de préstamos Signatura topográfica completa Código de barras Fecha visto por última vez Número de copia Precio válido a partir de Tipo de ítem Koha Nota pública
        Monografías: Libros y Folletos General General Depósito 01.10.2009 LF1   xxxx B142d 9697-30 25.06.2020 e. 3 25.06.2020 Préstamo en sala  
        Monografías: Libros y Folletos General General Depósito 25.08.2015 LF1   xxxx B142d 9697-40 25.06.2020 e. 4 25.06.2020 Préstamo en sala Perteneció a la biblioteca personal de Chiqui Vicioso / Fidelio Despradel.
      Excluido de préstamo Monografías: Libros y Folletos Patrimonio Dominicano Patrimonio Dominicano Depósito 01.10.2009 LF1   xxxx B142d 9697-10 25.06.2020   25.06.2020 No se presta  
      Excluido de préstamo Monografías: Libros y Folletos Patrimonio Dominicano Patrimonio Dominicano Depósito 01.10.2009 LF1   xxxx B142d 9697-20 25.06.2020 e. 2 25.06.2020 No se presta  

Powered by Koha